A magyar nyelv és irodalom oktatása a Pozsonyi Királyi Akadémián és a Pozsonyi Evangélikus Líceumban a XIX. században

Bibliographic Details
Main Author: Mészáros, András, 1949- (Author)
Format: Article
Language:Hungarian
Slovak
ISSN:1335-4361
Subjects:

MARC

LEADER 00000nab a2200000 a 4500
001 vtls000885075
003 SK-MaSNL
005 20260319075356.0
008 040806c2004 xo 0 hun
015 |a SNBRB2004/09-27828 
035 |a CLN000236521 
040 |a SNKBUCL  |b slo  |c SNKBUCL  |e AACR2 
041 0 |a slo 
044 |a xo  |c SK 
080 |a 284.2  |2 UDC-MRF-SK2 
080 |a 371.671:811.511.141:82(075.3)  |2 UDC-MRF-SK2 
080 |a 373.5(437.6-25)"18":284.2  |2 UDC-MRF-SK2 
080 |a 94(437.6-25)"18"  |2 UDC-MRF-SK2 
100 1 |a Mészáros, András,  |d 1949-  |4 aut  |9 93340 
245 1 0 |a A magyar nyelv és irodalom oktatása a Pozsonyi Királyi Akadémián és a Pozsonyi Evangélikus Líceumban a XIX. században  |c Mészáros András 
504 |a Bibliogr. odkazy 
546 |a Res. angl. 
610 2 7 |a Evanjelické lýceum v Bratislave  |2 snkbucl  |9 35952 
610 2 7 |a Kráľovská akadémia v Bratislave  |2 snkbucl  |9 114178 
648 7 |a 19. stor.  |2 snkbucl  |9 278793 
650 0 7 |a maďarčina  |x vyučovanie  |2 snkbucl  |9 71503 
650 0 7 |a pedagógovia maďarskí  |x učebnice maďarské  |z Slovensko  |y 19. stor.  |2 snkbucl  |9 871451 
773 0 |t Fórum társadalomtudományi szemle  |g Roč. 6, č. 2 (2004), s. 3-20  |x 1335-4361 
850 |a Slovenská národná knižnica v Martine 
852 |a SNK  |b KIS3GCP 
958 |a HU 
958 |a NB 
999 |c 1391421  |d 1393351